| 000 | 01358cam a2200337 i 4500 | ||
|---|---|---|---|
| 001 | 30505 | ||
| 003 | Mx-PuUPA | ||
| 005 | 20250603104729.0 | ||
| 008 | 140415s2017 mx a gr 000 0 spa d | ||
| 020 | _a9786079476281 | ||
| 040 |
_cMx-PuUPA _aMx-PuUPA _bspa _dMx-PuUPA _erda |
||
| 041 | 0 | _aspa | |
| 245 | 1 | 0 | _aPrimeros auxilios y manejo de complicaciones médicas en el consultorio dental /editores, Liliana Borrego de la Rosa, Luis Adrián Estrada Loyo, Roberto Alejandro García Carrillo |
| 250 | _aPrimera edición | ||
| 264 | 1 |
_aCiudad de México _bEditorial Prado _c2017 |
|
| 300 |
_a155 páginas : _bilustraciones ; _c21 cm |
||
| 336 |
_2rdacontent _atexto _btxt |
||
| 337 |
_2rdamedia _asin medio _bn |
||
| 338 |
_2rdacarrier _avolumen _bnc |
||
| 650 | 7 |
_2armarc _aOdontología _xPrimeros auxilios |
|
| 650 | 7 |
_2armarc _aEstomatología _xEstomatología _xAsistencia en emergencias |
|
| 650 | 7 |
_2armarc _aOdontología de urgencia |
|
| 650 | 7 |
_2armarc _aUrgencias médicas |
|
| 700 | 1 |
_aBorrego de la Rosa, Liliana _eeditor _917101 |
|
| 700 | 1 |
_aEstrada Loyo, Luis Adrián, _eeditor |
|
| 700 | 1 |
_aGarcí Carrillo, Roberto Alejandro, _eeditor |
|
| 942 |
_2ddc _cLI _n _h617.60262 _iM26 |
||
| 999 |
_c30505 _d30505 |
||